[Event "Week's Tournament Elo 1799- (WT1)"]
[Site "Biel, CH"]
[Date "2025.07.23"]
[Round "3"]
[White "Zumbrunn, Simon"]
[Black "Delaquis, Gianluca"]
[Result "1-0"]
[Board "3"]
[WhiteFideId "1364146"]
[BlackFideId "1363620"]
[WhiteElo "1686"]
[BlackElo "1746"]
[WhiteTeam "SUI"]
[BlackTeam "SUI"]
[WhiteClock "1:40:30"]
[BlackClock "1:40:30"]
[Variant "Standard"]

1. e4 {[%clk 1:00:58]}  c6 {[%clk 0:59:22]} 2. d4 {[%clk 1:01:21]}  d5 {[%clk 0:59:36]} 3. f3 {[%clk 1:00:02]}  e6 {[%clk 0:59:09]} 4. Nc3 {[%clk 0:57:49]}  Bb4 {[%clk 0:57:00]} 5. Bf4 {[%clk 0:54:03]}  Ne7 {[%clk 0:52:48]} 6. a3 {[%clk 0:49:41]}  Ng6 {[%clk 0:50:56]} 7. Bg3 {[%clk 0:47:01]}  Be7 {[%clk 0:49:15]} 8. Bf2 {[%clk 0:42:20]}  O-O {[%clk 0:46:09]} 9. g3 {[%clk 0:39:30]}  Nd7 {[%clk 0:43:27]} 10. h4 {[%clk 0:30:31]}  f5 {[%clk 0:41:17]} 11. exf5 {[%clk 0:49:04]}  exf5 {[%clk 0:39:30]} 12. h5 {[%clk 0:48:13]}  Nh8 {[%clk 0:36:36]} 13. h6 {[%clk 0:46:01]}  g6 {[%clk 0:31:29]} 14. Qd2 {[%clk 0:42:29]}  Nf7 {[%clk 0:29:25]} 15. Nh3 {[%clk 0:40:08]}  Ng5 {[%clk 0:34:09]} 16. Nxg5 {[%clk 0:39:38]}  Bxg5 {[%clk 0:34:28]} 17. f4 {[%clk 0:35:29]}  Bf6 {[%clk 0:30:40]} 18. Be2 {[%clk 0:33:24]}  Bh8 {[%clk 0:27:23]} 19. Kf1 {[%clk 0:34:14]}  Nf6 {[%clk 0:26:00]} 20. Kg2 {[%clk 0:33:55]}  Ne4 {[%clk 0:26:48]} 21. Nxe4 {[%clk 0:33:52]}  fxe4 {[%clk 0:25:55]} 22. Rae1 {[%clk 0:29:41]}  Be6 {[%clk 0:24:48]} 23. c3 {[%clk 0:26:46]}  Qd7 {[%clk 0:22:02]} 24. Be3 {[%clk 0:27:25]}  Rae8 {[%clk 0:20:02]} 25. Qc2 {[%clk 0:23:21]}  b5 {[%clk 0:17:21]} 26. Ra1 {[%clk 0:22:36]}  Bg4 {[%clk 0:14:00]} 27. Raf1 {[%clk 0:21:15]}  Rf7 {[%clk 0:12:44]} 28. Bxg4 {[%clk 0:20:03]}  Qxg4 {[%clk 0:18:56]} 29. Rh4 {[%clk 0:19:01]}  Qe6 {[%clk 0:18:03]} 30. Rhh1 {[%clk 0:19:41]}  Bf6 {[%clk 0:17:50]} 31. Qe2 {[%clk 0:17:04]}  Kh8 {[%clk 0:15:35]} 32. Rf2 {[%clk 0:16:11]}  Rg8 {[%clk 0:14:54]} 33. Rhf1 {[%clk 0:17:37]}  Be7 {[%clk 0:11:51]} 34. Qd1 {[%clk 0:14:34]}  g5 {[%clk 0:12:59]} 35. fxg5 {[%clk 0:13:23]}  Rxf2+ {[%clk 0:12:51]} 36. Rxf2 {[%clk 0:14:58]}  Bxg5 {[%clk 0:13:19]} 37. Bxg5 {[%clk 0:15:14]}  Rxg5 {[%clk 0:13:41]} 38. Rf8+ {[%clk 0:15:39]}  Rg8 {[%clk 0:14:03]} 39. Rxg8+ {[%clk 0:12:28]}  Kxg8 {[%clk 0:12:24]} 40. Qh5 {[%clk 0:13:48]}  Qg6 {[%clk 0:11:20]} 41. Qh4 {[%clk 0:12:13]}  Kf7 {[%clk 0:10:03]} 42. Qh3 {[%clk 0:11:50]}  Qf6 {[%clk 0:10:51]} 43. Qh5+ {[%clk 0:10:47]}  Ke7 {[%clk 0:08:42]} 44. b4 {[%clk 0:07:13]}  Kd6 {[%clk 0:08:45]} 45. Qe8 {[%clk 0:06:48]}  Qf3+ {[%clk 0:07:07]} 46. Kh3 {[%clk 0:05:25]}  Qf6 {[%clk 0:06:13]} 47. Kg2 {[%clk 0:07:06]}  Qxh6 {[%clk 0:05:41]} 48. Qd8+ {[%clk 0:07:18]}  Ke6 {[%clk 0:05:18]} 49. Qc8+ {[%clk 0:06:02]}  Kf7 {[%clk 0:04:01]} 50. Qd7+ {[%clk 0:05:18]}  Kg8 {[%clk 0:03:37]} 51. Qd8+ {[%clk 0:05:26]}  Qf8 {[%clk 0:05:30]} 52. Qg5+ {[%clk 0:04:49]}  Qg7 {[%clk 0:04:55]} 53. Qd8+ {[%clk 0:06:08]}  Qf8 {[%clk 0:03:39]} 54. Qg5+ {[%clk 0:05:49]}  Kf7 {[%clk 0:02:27]} 55. Qf4+ {[%clk 0:06:08]}  Ke7 {[%clk 0:03:26]} 56. Qc7+ {[%clk 0:04:55]}  Ke6 {[%clk 0:02:47]} 57. Qxc6+ {[%clk 0:06:19]}  Qd6 {[%clk 0:03:03]} 58. Qxb5 {[%clk 0:03:36]}  Kf5 {[%clk 0:01:28]} 59. Qb7 {[%clk 0:01:54]}  Kg4 {[%clk 0:00:32]} 60. Qg7+ {[%clk 0:01:25]}  Qg6 {[%clk 0:00:08]} 61. Qd7+ {[%clk 0:00:14]}  Qf5 {[%clk 0:01:03]} 62. Qxf5+ {[%clk 0:03:37]}  Kxf5 {[%clk 0:01:24]} 63. a4 {[%clk 0:02:50]}  h5 {[%clk 0:01:19]} 64. b5 {[%clk 0:03:21]}  Ke6 {[%clk 0:00:35]} 65. Kf2 {[%clk 0:03:21]}  Kd6 {[%clk 0:00:13]} 66. Ke3 {[%clk 0:03:24]}  Kc7 {[%clk 0:02:13]} 67. a5 {[%clk 0:02:52]}  Kb7 {[%clk 0:01:42]} 68. c4 {[%clk 0:02:39]}  dxc4 {[%clk 0:01:33]} 69. Kxe4 {[%clk 0:04:05]}  Kc7 {[%clk 0:00:53]} 70. d5 {[%clk 0:03:58]}  Kd6 {[%clk 0:01:21]} 71. b6 {[%clk 0:03:03]}  axb6 {[%clk 0:00:41]} 72. a6 {[%clk 0:02:16]}  Kc7 {[%clk 0:00:32]} 73. d6+ {[%clk 0:04:15]}  Kxd6 {[%clk 0:00:23]} 74. a7 {[%clk 1:40:30]}  c3 {[%clk 1:40:30]} 1-0

[Event "Week's Tournament Elo 1799- (WT1)"]
[Site "Biel, CH"]
[Date "2025.07.23"]
[Round "3"]
[White "Thorens, Johan"]
[Black "Dzakula, Igor"]
[Result "1-0"]
[Board "5"]
[WhiteFideId "1364375"]
[BlackFideId "1357344"]
[WhiteElo "1657"]
[BlackElo "1728"]
[WhiteTeam "SUI"]
[BlackTeam "SUI"]
[WhiteClock "1:40:30"]
[BlackClock "0:03:11"]
[Variant "Standard"]

1. c4 {[%clk 1:00:58]}  e6 {[%clk 1:00:50]} 2. Nc3 {[%clk 1:01:18]}  d5 {[%clk 1:01:12]} 3. d4 {[%clk 1:01:21]}  c5 {[%clk 1:01:32]} 4. e3 {[%clk 1:00:57]}  Nf6 {[%clk 1:01:32]} 5. Nf3 {[%clk 1:00:34]}  cxd4 {[%clk 1:01:44]} 6. Nxd4 {[%clk 0:57:17]}  Be7 {[%clk 0:59:59]} 7. Be2 {[%clk 0:57:00]}  O-O {[%clk 0:59:47]} 8. O-O {[%clk 0:57:19]}  Nc6 {[%clk 0:58:29]} 9. Nxc6 {[%clk 0:56:50]}  bxc6 {[%clk 0:59:50]} 10. b3 {[%clk 0:53:14]}  Bb7 {[%clk 0:56:42]} 11. Bb2 {[%clk 0:49:19]}  Rc8 {[%clk 0:51:23]} 12. Rc1 {[%clk 0:43:17]}  Qc7 {[%clk 0:52:37]} 13. Bf3 {[%clk 0:40:00]}  Rfd8 {[%clk 0:47:46]} 14. Qe2 {[%clk 0:23:03]}  a6 {[%clk 0:29:13]} 15. Rfd1 {[%clk 0:34:17]}  c5 {[%clk 0:10:56]} 16. Nb1 {[%clk 0:29:20]}  Rd7 {[%clk 0:15:34]} 17. Rd2 {[%clk 0:17:23]}  Rcd8 {[%clk 0:15:55]} 18. Rcd1 {[%clk 0:17:29]}  Qb6 {[%clk 0:15:05]} 19. Na3 {[%clk 0:15:39]}  Bc8 {[%clk 0:10:33]} 20. Bxf6 {[%clk 0:11:49]}  Bxf6 {[%clk 0:08:23]} 21. cxd5 {[%clk 0:09:41]}  exd5 {[%clk 0:06:16]} 22. Bxd5 {[%clk 0:12:38]}  Kf8 {[%clk 0:00:37]} 23. Nc4 {[%clk 0:10:43]}  Qb8 {[%clk 0:02:10]} 24. Qf3 {[%clk 0:07:46]}  Qb4 {[%clk 0:01:33]} 25. e4 {[%clk 0:04:16]}  Bd4 {[%clk 0:01:13]} 26. Nd6 {[%clk 0:02:47]}  Bf6 {[%clk 0:00:53]} 27. Nc4 {[%clk 0:00:57]}  Bd4 {[%clk 0:01:03]} 28. e5 {[%clk 0:00:59]}  Rxd5 {[%clk 0:01:04]} 29. Nd6 {[%clk 0:01:25]}  Be6 {[%clk 0:01:06]} 30. Qf4 {[%clk 0:00:33]}  Bxe5 {[%clk 0:00:58]} 31. Qxb4 {[%clk 0:01:01]}  Rxd2 {[%clk 0:01:08]} 32. Qxd2 {[%clk 0:01:18]}  Rxd6 {[%clk 0:00:53]} 33. Qxd6+ {[%clk 0:01:25]}  Bxd6 {[%clk 0:01:37]} 34. Rxd6 {[%clk 0:01:43]}  Ke7 {[%clk 0:03:11]} 35. Rxa6 {[%clk 1:40:30]} 1-0

[Event "Week's Tournament Elo 1799- (WT1)"]
[Site "Biel, CH"]
[Date "2025.07.23"]
[Round "3"]
[White "Thornley, Oliver"]
[Black "Ben-Avi, Dotan"]
[Result "1-0"]
[Board "6"]
[WhiteFideId "445916"]
[BlackFideId "2847965"]
[WhiteElo "1714"]
[BlackElo "1615"]
[WhiteTeam "ENG"]
[BlackTeam "ISR"]
[WhiteClock "0:08:13"]
[BlackClock "0:03:35"]
[Variant "Standard"]

1. e4 {[%clk 1:00:57]}  d5 {[%clk 1:00:53]} 2. d4 {[%clk 1:01:21]}  dxe4 {[%clk 1:00:27]} 3. Nc3 {[%clk 1:01:46]}  Nf6 {[%clk 1:00:12]} 4. Bg5 {[%clk 1:00:28]}  e3 {[%clk 0:57:14]} 5. fxe3 {[%clk 0:58:06]}  Bg4 {[%clk 0:52:16]} 6. Nf3 {[%clk 0:55:58]}  Nd5 {[%clk 0:50:29]} 7. Bc4 {[%clk 0:57:48]}  Be6 {[%clk 0:46:06]} 8. Bd3 {[%clk 0:50:12]}  h6 {[%clk 0:44:16]} 9. Bh4 {[%clk 0:49:50]}  Nxe3 {[%clk 0:41:07]} 10. Qe2 {[%clk 0:49:27]}  Nf5 {[%clk 0:39:00]} 11. O-O-O {[%clk 0:48:58]}  c6 {[%clk 0:35:52]} 12. d5 {[%clk 0:42:28]}  cxd5 {[%clk 0:29:18]} 13. Bxf5 {[%clk 0:38:47]}  Bxf5 {[%clk 0:33:22]} 14. Rxd5 {[%clk 0:38:25]}  Qc8 {[%clk 0:32:13]} 15. Nb5 {[%clk 0:36:49]}  Be6 {[%clk 0:27:30]} 16. Nfd4 {[%clk 0:29:30]}  h5 {[%clk 0:21:45]} 17. Nxe6 {[%clk 0:10:53]}  fxe6 {[%clk 0:21:20]} 18. Rhd1 {[%clk 0:11:02]}  Na6 {[%clk 0:09:45]} 19. Rxh5 {[%clk 0:10:50]}  Rg8 {[%clk 0:08:42]} 20. Qd3 {[%clk 0:06:59]}  g6 {[%clk 0:08:03]} 21. Rh8 {[%clk 0:08:27]}  Kf7 {[%clk 0:04:43]} 22. Rf1+ {[%clk 0:08:07]}  Kg7 {[%clk 0:03:35]} 23. Qd4+ {[%clk 0:08:13]} 1-0

[Event "Week's Tournament Elo 1799- (WT1)"]
[Site "Biel, CH"]
[Date "2025.07.23"]
[Round "3"]
[White "Lupei, Denis"]
[Black "Tellenbach, Benjamin"]
[Result "0-1"]
[Board "7"]
[WhiteFideId "34611231"]
[BlackFideId "1367420"]
[WhiteElo "1784"]
[BlackElo "1645"]
[WhiteTeam "GER"]
[BlackTeam "SUI"]
[WhiteClock "1:40:30"]
[BlackClock "0:09:17"]
[Variant "Standard"]

1. e4 {[%clk 1:00:30]}  c5 {[%clk 1:00:30]} 2. Nf3 {[%clk 1:00:25]}  e6 {[%clk 1:01:18]} 3. d4 {[%clk 1:01:49]}  cxd4 {[%clk 1:01:43]} 4. Nxd4 {[%clk 1:02:14]}  a6 {[%clk 1:01:20]} 5. Nc3 {[%clk 1:02:08]}  Qc7 {[%clk 0:58:58]} 6. Bd3 {[%clk 1:02:01]}  Nf6 {[%clk 0:56:51]} 7. O-O {[%clk 1:01:22]}  d6 {[%clk 0:50:38]} 8. a4 {[%clk 0:56:09]}  b6 {[%clk 0:43:39]} 9. Kh1 {[%clk 0:55:48]}  Bb7 {[%clk 0:40:10]} 10. f4 {[%clk 0:46:42]}  Be7 {[%clk 0:34:14]} 11. f5 {[%clk 0:44:58]}  e5 {[%clk 0:27:21]} 12. Nb3 {[%clk 0:40:34]}  Nbd7 {[%clk 0:19:42]} 13. Be3 {[%clk 0:33:55]}  d5 {[%clk 0:12:44]} 14. exd5 {[%clk 0:33:49]}  Nxd5 {[%clk 0:07:59]} 15. Nxd5 {[%clk 0:14:31]}  Bxd5 {[%clk 0:04:58]} 16. Qd2 {[%clk 0:09:40]}  Nf6 {[%clk 0:02:11]} 17. Bg5 {[%clk 0:07:27]}  Rd8 {[%clk 0:00:09]} 18. Bxf6 {[%clk 0:05:29]}  Bxf6 {[%clk 0:31:08]} 19. Qe2 {[%clk 0:08:28]}  a5 {[%clk 0:30:59]} 20. Bb5+ {[%clk 0:05:37]}  Ke7 {[%clk 0:27:32]} 21. Nd2 {[%clk 0:00:58]}  Rc8 {[%clk 0:25:07]} 22. c3 {[%clk 0:04:22]}  Rhd8 {[%clk 0:24:28]} 23. Rae1 {[%clk 0:03:06]}  Kf8 {[%clk 0:22:56]} 24. Nf3 {[%clk 0:03:04]}  e4 {[%clk 0:22:30]} 25. Nd2 {[%clk 0:02:32]}  Bh4 {[%clk 0:21:35]} 26. g3 {[%clk 0:01:55]}  e3+ {[%clk 0:11:31]} 27. Nf3 {[%clk 0:00:31]}  Bxf3+ {[%clk 0:10:29]} 28. Qxf3 {[%clk 0:02:48]}  Bg5 {[%clk 0:09:54]} 29. h4 {[%clk 0:02:23]}  Bh6 {[%clk 0:09:23]} 30. g4 {[%clk 0:02:10]}  f6 {[%clk 0:07:30]} 31. g5 {[%clk 0:01:28]}  fxg5 {[%clk 0:07:20]} 32. f6 {[%clk 0:00:13]}  Qf4 {[%clk 0:05:48]} 33. fxg7+ {[%clk 0:00:02]}  Kxg7 {[%clk 0:05:33]} 34. Qb7+ {[%clk 0:01:27]}  Qc7 {[%clk 0:04:37]} 35. Qf3 {[%clk 0:00:30]}  Qf4 {[%clk 0:03:29]} 36. Rxe3 {[%clk 0:00:09]}  Qxh4+ {[%clk 0:03:12]} 37. Kg1 {[%clk 0:00:33]}  g4 {[%clk 0:03:06]} 38. Qb7+ {[%clk 0:00:36]}  Kh8 {[%clk 0:06:11]} 39. Re2 {[%clk 0:00:02]}  Rf8 {[%clk 0:05:38]} 40. Rxf8+ {[%clk 0:00:34]}  Rxf8 {[%clk 0:05:33]} 41. Qc7 {[%clk 0:00:13]}  Bf4 {[%clk 0:04:47]} 42. Qc6 {[%clk 0:00:34]}  Be3+ {[%clk 0:03:58]} 43. Rxe3 {[%clk 0:00:35]}  Qf2+ {[%clk 0:03:27]} 44. Kh1 {[%clk 0:00:37]}  Qxe3 {[%clk 0:03:05]} 45. Qg2 {[%clk 0:00:03]}  Qe1+ {[%clk 0:02:56]} 46. Qg1 {[%clk 0:01:02]}  Qxg1+ {[%clk 0:05:24]} 47. Kxg1 {[%clk 0:01:26]}  h5 {[%clk 0:04:57]} 48. b4 {[%clk 0:00:48]}  axb4 {[%clk 0:05:40]} 49. cxb4 {[%clk 0:01:59]}  Rf4 {[%clk 0:05:08]} 50. Be8 {[%clk 0:01:21]}  h4 {[%clk 0:04:59]} 51. a5 {[%clk 0:01:12]}  bxa5 {[%clk 0:04:55]} 52. bxa5 {[%clk 0:00:58]}  Rf5 {[%clk 0:04:45]} 53. Bd7 {[%clk 0:00:05]}  Rg5 {[%clk 0:04:30]} 54. a6 {[%clk 0:03:20]}  g3 {[%clk 0:04:20]} 55. Kg2 {[%clk 0:03:34]}  Ra5 {[%clk 0:03:24]} 56. Bc8 {[%clk 0:03:21]}  Kg7 {[%clk 0:03:13]} 57. Bb7 {[%clk 0:03:19]}  Kf6 {[%clk 0:02:58]} 58. Kh3 {[%clk 0:03:08]}  Kg5 {[%clk 0:02:03]} 59. Kg2 {[%clk 0:02:01]}  Ra2+ {[%clk 0:01:43]} 60. Kf3 {[%clk 0:01:37]}  g2 {[%clk 0:07:10]} 61. Bd5 {[%clk 0:03:15]}  g1=Q {[%clk 0:06:39]} 62. Bxa2 {[%clk 0:02:42]}  Qg3+ {[%clk 0:06:24]} 63. Ke2 {[%clk 0:03:50]}  Qg2+ {[%clk 0:05:58]} 64. Ke3 {[%clk 0:03:46]}  Qxa2 {[%clk 0:05:34]} 65. Kd4 {[%clk 0:04:00]}  Qxa6 {[%clk 0:03:15]} 66. Ke3 {[%clk 0:03:51]}  Qf1 {[%clk 0:08:50]} 67. Ke4 {[%clk 0:02:34]}  h3 {[%clk 0:09:17]} 68. Kd4 {[%clk 1:40:30]} 0-1

[Event "Week's Tournament Elo 1799- (WT1)"]
[Site "Biel, CH"]
[Date "2025.07.23"]
[Round "3"]
[White "Ragheb, Kaemel"]
[Black "Pan, Haoquan"]
[Result "1-0"]
[Board "8"]
[WhiteFideId "1346598"]
[BlackFideId "523003065"]
[WhiteElo "1723"]
[BlackElo "1496"]
[WhiteTeam "SUI"]
[BlackTeam "ESP"]
[WhiteClock "0:04:09"]
[BlackClock "0:41:27"]
[Variant "Standard"]

1. d4 {[%clk 1:00:54]}  d5 {[%clk 1:00:51]} 2. c4 {[%clk 1:01:19]}  c6 {[%clk 1:01:10]} 3. cxd5 {[%clk 1:01:40]}  cxd5 {[%clk 1:01:31]} 4. Nc3 {[%clk 1:02:06]}  Nf6 {[%clk 1:01:43]} 5. Nf3 {[%clk 1:02:10]}  Bf5 {[%clk 1:01:57]} 6. Qb3 {[%clk 1:00:09]}  Qd7 {[%clk 1:01:45]} 7. Ne5 {[%clk 1:00:47]}  Qc7 {[%clk 1:01:00]} 8. Nxd5 {[%clk 0:55:16]}  Nxd5 {[%clk 1:01:04]} 9. Qxd5 {[%clk 0:55:37]}  e6 {[%clk 1:01:25]} 10. Qb5+ {[%clk 0:55:16]}  Nd7 {[%clk 1:01:23]} 11. Qxd7+ {[%clk 0:53:37]}  Qxd7 {[%clk 1:01:39]} 12. Nxd7 {[%clk 0:54:04]}  Kxd7 {[%clk 1:00:22]} 13. a3 {[%clk 0:52:26]}  Rc8 {[%clk 1:02:23]} 14. e3 {[%clk 0:51:47]}  a6 {[%clk 1:02:28]} 15. Be2 {[%clk 0:49:57]}  Be7 {[%clk 1:02:16]} 16. Bf3 {[%clk 0:48:46]}  Rc7 {[%clk 1:02:11]} 17. O-O {[%clk 0:49:58]}  g5 {[%clk 0:50:37]} 18. Re1 {[%clk 0:39:12]}  g4 {[%clk 1:01:29]} 19. Be2 {[%clk 0:39:34]}  h5 {[%clk 0:56:27]} 20. g3 {[%clk 0:34:20]}  h4 {[%clk 1:01:12]} 21. Bf1 {[%clk 0:34:07]}  h3 {[%clk 1:00:16]} 22. Bd2 {[%clk 0:32:38]}  Be4 {[%clk 0:59:44]} 23. Bc3 {[%clk 0:32:32]}  Bf6 {[%clk 0:56:27]} 24. Rac1 {[%clk 0:31:32]}  Rhc8 {[%clk 0:57:12]} 25. Bd2 {[%clk 0:31:09]}  Rc2 {[%clk 0:57:01]} 26. Bc3 {[%clk 0:30:44]}  Rxc1 {[%clk 0:55:24]} 27. Rxc1 {[%clk 0:31:12]}  e5 {[%clk 0:55:27]} 28. dxe5 {[%clk 0:31:27]}  Bxe5 {[%clk 0:55:48]} 29. Rd1+ {[%clk 0:31:35]}  Ke6 {[%clk 0:50:48]} 30. Bxe5 {[%clk 0:26:28]}  Kxe5 {[%clk 0:47:07]} 31. b4 {[%clk 0:22:49]}  Rc3 {[%clk 0:55:54]} 32. Ra1 {[%clk 0:21:33]}  Bf3 {[%clk 0:53:12]} 33. a4 {[%clk 0:19:48]}  Rb3 {[%clk 0:53:22]} 34. b5 {[%clk 0:19:59]}  axb5 {[%clk 0:52:07]} 35. Bxb5 {[%clk 0:18:35]}  Kd5 {[%clk 0:50:48]} 36. Rc1 {[%clk 0:18:46]}  Rb4 {[%clk 0:50:00]} 37. Kf1 {[%clk 0:17:23]}  Kd6 {[%clk 0:47:48]} 38. Ke1 {[%clk 0:16:42]}  Rb2 {[%clk 0:44:27]} 39. Bd3 {[%clk 0:15:37]}  Ke5 {[%clk 0:46:21]} 40. Bc2 {[%clk 0:12:58]}  b5 {[%clk 0:45:46]} 41. axb5 {[%clk 0:12:19]}  Rxb5 {[%clk 0:46:07]} 42. Bd1 {[%clk 0:10:30]}  Bxd1 {[%clk 0:43:52]} 43. Rxd1 {[%clk 0:10:16]}  Rb2 {[%clk 0:41:17]} 44. Rd2 {[%clk 0:07:01]}  Rxd2 {[%clk 0:43:36]} 45. Kxd2 {[%clk 0:07:21]}  Ke4 {[%clk 0:44:02]} 46. Ke2 {[%clk 0:06:33]}  f5 {[%clk 0:44:26]} 47. f4 {[%clk 0:05:15]}  gxf3+ {[%clk 0:44:47]} 48. Kf2 {[%clk 0:05:36]}  Kd3 {[%clk 0:40:50]} 49. Kxf3 {[%clk 0:05:58]}  Kd2 {[%clk 0:41:13]} 50. e4 {[%clk 0:06:02]}  fxe4+ {[%clk 0:41:34]} 51. Kxe4 {[%clk 0:06:23]}  Ke2 {[%clk 0:41:47]} 52. g4 {[%clk 0:05:22]}  Kf2 {[%clk 0:41:40]} 53. g5 {[%clk 0:04:34]}  Kg2 {[%clk 0:40:46]} 54. g6 {[%clk 0:05:43]}  Kxh2 {[%clk 0:41:04]} 55. g7 {[%clk 0:04:58]}  Kh1 {[%clk 0:41:18]} 56. Ke3 {[%clk 0:04:04]}  h2 {[%clk 0:41:27]} 57. Kf3 {[%clk 0:04:09]} 1-0

[Event "Week's Tournament Elo 1799- (WT1)"]
[Site "Biel, CH"]
[Date "2025.07.23"]
[Round "3"]
[White "Cloete, Willem Francois"]
[Black "Boesch, Roman"]
[Result "1-0"]
[Board "9"]
[WhiteFideId "14358387"]
[BlackFideId "1363786"]
[WhiteElo "1567"]
[BlackElo "1780"]
[WhiteTeam "RSA"]
[BlackTeam "SUI"]
[WhiteClock "0:03:49"]
[BlackClock "0:04:49"]
[Variant "Standard"]

1. e4 {[%clk 1:00:54]}  c6 {[%clk 1:00:57]} 2. Nc3 {[%clk 1:01:17]}  d5 {[%clk 1:01:16]} 3. Nf3 {[%clk 1:01:40]}  Bg4 {[%clk 1:01:18]} 4. Be2 {[%clk 1:01:59]}  dxe4 {[%clk 0:59:38]} 5. Nxe4 {[%clk 1:02:02]}  Nd7 {[%clk 0:59:58]} 6. d4 {[%clk 0:59:20]}  Ngf6 {[%clk 1:00:18]} 7. Qd3 {[%clk 0:57:08]}  Nxe4 {[%clk 0:58:39]} 8. Qxe4 {[%clk 0:56:53]}  Nf6 {[%clk 0:59:00]} 9. Qf4 {[%clk 0:51:21]}  e6 {[%clk 0:57:24]} 10. Qg3 {[%clk 0:40:08]}  Be7 {[%clk 0:55:20]} 11. Bf4 {[%clk 0:35:12]}  Bxf3 {[%clk 0:54:18]} 12. Bxf3 {[%clk 0:33:35]}  Qxd4 {[%clk 0:54:23]} 13. O-O {[%clk 0:33:08]}  Nd5 {[%clk 0:33:30]} 14. Be5 {[%clk 0:30:34]}  Qh4 {[%clk 0:30:37]} 15. Qxg7 {[%clk 0:28:08]}  Bf6 {[%clk 0:29:20]} 16. Bxf6 {[%clk 0:25:32]}  Qxf6 {[%clk 0:29:40]} 17. Qxf6 {[%clk 0:25:40]}  Nxf6 {[%clk 0:30:03]} 18. Rad1 {[%clk 0:25:14]}  Ke7 {[%clk 0:30:16]} 19. Rd3 {[%clk 0:24:25]}  Rad8 {[%clk 0:30:05]} 20. Rfd1 {[%clk 0:24:38]}  Rxd3 {[%clk 0:28:19]} 21. Rxd3 {[%clk 0:24:50]}  Nd5 {[%clk 0:28:35]} 22. Kf1 {[%clk 0:22:27]}  Nf4 {[%clk 0:26:36]} 23. Rb3 {[%clk 0:19:52]}  b6 {[%clk 0:23:51]} 24. Bxc6 {[%clk 0:18:40]}  Rc8 {[%clk 0:21:52]} 25. Be4 {[%clk 0:14:56]}  f5 {[%clk 0:22:00]} 26. Bd3 {[%clk 0:14:11]}  Nxd3 {[%clk 0:21:59]} 27. cxd3 {[%clk 0:14:29]}  Rc2 {[%clk 0:21:57]} 28. g3 {[%clk 0:13:10]}  Kd6 {[%clk 0:21:41]} 29. Kg2 {[%clk 0:12:54]}  Ke5 {[%clk 0:17:56]} 30. Kf3 {[%clk 0:09:03]}  Kd4 {[%clk 0:17:25]} 31. h4 {[%clk 0:07:09]}  Rd2 {[%clk 0:15:58]} 32. h5 {[%clk 0:06:11]}  e5 {[%clk 0:13:59]} 33. Ra3 {[%clk 0:03:17]}  Rxd3+ {[%clk 0:13:27]} 34. Rxd3+ {[%clk 0:03:38]}  Kxd3 {[%clk 0:13:50]} 35. g4 {[%clk 0:03:01]}  fxg4 {[%clk 0:08:32]} 36. Kxg4 {[%clk 0:03:19]}  Ke4 {[%clk 0:08:58]} 37. f3+ {[%clk 0:02:45]}  Ke3 {[%clk 0:06:24]} 38. h6 {[%clk 0:02:10]}  b5 {[%clk 0:06:11]} 39. Kf5 {[%clk 0:02:23]}  Kxf3 {[%clk 0:05:54]} 40. Kxe5 {[%clk 0:02:40]}  Kg4 {[%clk 0:06:14]} 41. Kf6 {[%clk 0:02:58]}  Kh5 {[%clk 0:05:49]} 42. Kg7 {[%clk 0:03:17]}  Kg5 {[%clk 0:04:51]} 43. Kxh7 {[%clk 0:03:35]}  Kf6 {[%clk 0:05:11]} 44. Kg8 {[%clk 0:03:49]}  Kf5 {[%clk 0:04:49]} 1-0

[Event "Week's Tournament Elo 1799- (WT1)"]
[Site "Biel, CH"]
[Date "2025.07.23"]
[Round "3"]
[White "Weber, Jason"]
[Black "Martin, Philippe"]
[Result "1-0"]
[Board "10"]
[WhiteFideId "1363042"]
[BlackFideId "1364405"]
[WhiteElo "1769"]
[BlackElo "1584"]
[WhiteTeam "SUI"]
[BlackTeam "SUI"]
[WhiteClock "0:13:26"]
[BlackClock "0:23:59"]
[Variant "Standard"]

1. e4 {[%clk 1:00:56]}  c5 {[%clk 1:00:42]} 2. c3 {[%clk 1:01:20]}  Nc6 {[%clk 1:00:58]} 3. d4 {[%clk 1:01:39]}  cxd4 {[%clk 1:01:13]} 4. cxd4 {[%clk 1:02:01]}  d5 {[%clk 1:01:08]} 5. exd5 {[%clk 0:59:26]}  Qxd5 {[%clk 1:01:13]} 6. Nf3 {[%clk 0:59:40]}  Bg4 {[%clk 0:58:38]} 7. Be2 {[%clk 0:59:44]}  Nf6 {[%clk 0:57:36]} 8. Nc3 {[%clk 0:59:10]}  Qd8 {[%clk 0:56:51]} 9. O-O {[%clk 0:57:39]}  e6 {[%clk 0:56:48]} 10. Bf4 {[%clk 0:51:19]}  Bd6 {[%clk 0:54:57]} 11. Bxd6 {[%clk 0:50:02]}  Qxd6 {[%clk 0:55:20]} 12. Qb3 {[%clk 0:48:21]}  Rb8 {[%clk 0:52:10]} 13. Nb5 {[%clk 0:36:14]}  Qd8 {[%clk 0:51:21]} 14. Qa3 {[%clk 0:33:40]}  Ne4 {[%clk 0:49:05]} 15. Bd3 {[%clk 0:27:40]}  a6 {[%clk 0:47:53]} 16. Bxe4 {[%clk 0:27:12]}  axb5 {[%clk 0:48:15]} 17. Ne5 {[%clk 0:25:10]}  Nxe5 {[%clk 0:45:35]} 18. dxe5 {[%clk 0:25:30]}  Qd4 {[%clk 0:44:07]} 19. Rfe1 {[%clk 0:22:56]}  b4 {[%clk 0:39:12]} 20. Qg3 {[%clk 0:18:51]}  Bh5 {[%clk 0:31:58]} 21. Qxg7 {[%clk 0:17:41]}  Rf8 {[%clk 0:30:21]} 22. Qxh7 {[%clk 0:17:31]}  Bg6 {[%clk 0:30:23]} 23. Bxg6 {[%clk 0:17:39]}  fxg6 {[%clk 0:30:46]} 24. Qxg6+ {[%clk 0:17:39]}  Ke7 {[%clk 0:31:12]} 25. Qg5+ {[%clk 0:17:34]}  Ke8 {[%clk 0:31:15]} 26. Qe3 {[%clk 0:15:20]}  Qxb2 {[%clk 0:29:58]} 27. Qe2 {[%clk 0:15:05]}  Qd4 {[%clk 0:30:03]} 28. Rad1 {[%clk 0:14:39]}  Qb6 {[%clk 0:29:41]} 29. Rd6 {[%clk 0:14:39]}  Qa5 {[%clk 0:23:59]} 30. Qc4 {[%clk 0:13:26]} 1-0